¿Una cuenta pendiente? : género y cooperación internacional en Centroamérica /
Visión de género de la cooperación en Centroamérica. Estrategias, métodos e instrumentos utilizados por la cooperación internacional para incorporar el enfoque de género. Caracterización de la situación de género por país, logros obstáculos y lecciones aprendidas en Centroamérica. Se realiza un estu...
Збережено в:
| Автор: | |
|---|---|
| Інші автори: | , |
| Формат: | Книга |
| Мова: | Spanish |
| Опубліковано: |
San José, C.R.
Embajada Real de los Países Bajos,
1997
|
| Предмети: | |
| Теги: |
Додати тег
Немає тегів, Будьте першим, хто поставить тег для цього запису!
|
MARC
| LEADER | 00000nam a22000007a 4500 | ||
|---|---|---|---|
| 003 | cru CIDCAS/IIS | ||
| 005 | 20230926114440.0 | ||
| 008 | 200117s1997 cr |||||r||||||0| ||spa|d | ||
| 020 | |a 9977122741 | ||
| 040 | |c cru CIDCAS/IIS | ||
| 090 | |a 01.01.01 M777c | ||
| 100 | 1 | |9 8966 |a Montenegro, María Elena | |
| 245 | 1 | 1 | |a ¿Una cuenta pendiente? : |b género y cooperación internacional en Centroamérica / |c María Elena Montenegro, Cita Vissers, Roxana Volio |
| 260 | |a San José, C.R. |b Embajada Real de los Países Bajos, |c 1997 | ||
| 300 | |a 114 páginas: |b tablas, gráficos | ||
| 520 | 3 | |a Visión de género de la cooperación en Centroamérica. Estrategias, métodos e instrumentos utilizados por la cooperación internacional para incorporar el enfoque de género. Caracterización de la situación de género por país, logros obstáculos y lecciones aprendidas en Centroamérica. Se realiza un estudio de las agencias donantes en proyectos de género y sus estrategias en el uso de fondos. Se utilizaron entrevistas con agencias gubernamentales y no gubernamentales de cooperación internacional. Se define que casi todas las agencias participantes han establecido uan política de género. RAR 10/2022 | |
| 600 | 1 | 7 | |2 C |
| 650 | 0 | 0 | |2 OCDE |9 85 |a CIENCIA POLITICA |
| 650 | 0 | 0 | |2 UNA-UCR |9 964 |a GENERO |
| 650 | 0 | 4 | |2 OCDE |9 2645 |a COOPERACION INTERNACIONAL |
| 651 | 0 | |2 MACROTHESAURO OCDE |9 308 |a CENTROAMERICA | |
| 700 | 1 | |9 8967 |a Vissers, Cita | |
| 700 | 1 | |9 8968 |a Volio, Roxana | |
| 942 | |2 z |c LI |h 01.01.01 M777c |6 010101_M777C | ||
| 999 | |c 42700 |d 42700 | ||



